Resistance
| Titel: | Resistance : Jews and Christians who defied the Nazi terror / Tec Nechama |
|---|---|
| Verfasser: | |
| Veröffentlicht: | Oxford [u.a.] : Oxford Univ. Press, 2013 |
| Umfang: | 245 S. |
| Format: | Buch |
| Sprache: | Englisch |
| RVK-Notation: |
·
·
|
| ISBN: | 9780199735419 |
| Hinweise zum Inhalt: |
Inhaltsverzeichnis
Klappentext |
alg: 32726785
001A $06057:11-08-13
001B $01999:09-06-23 $t20:56:55.000
001C $03004:12-08-16 $t09:23:30.000
001D $00030:13-11-13
001U $0utf8
001X $00
002@ $0Aau
003@ $0327267852
003O $0841671996 $aOCoLC
004A $A978-0-19-973541-9 $f£16.99
006B $0GBB342779
006G $01050702948
006H $0TOCNEUA1518 $2DNB
006U $015,A20 $f20140505
007A $0327267852 $aHEB
007G $0DE00637AC529C0EF18C9AC1257C2F002DDC0D
009P $qapplication/pdf $A2 $3Inhaltsverzeichnis $uhttp://scans.hebis.de/HEBCGI/show.pl?32726785_toc.pdf $mV:DE-603;B:DE-30
009P $qapplication/pdf $A2 $3Klappentext $uhttp://scans.hebis.de/HEBCGI/show.pl?32726785_kla.pdf $mV:DE-604
010@ $aeng
011@ $a2013
021A $aResistance $dJews and Christians who defied the Nazi terror $hTec Nechama
028A $#Bawnik, Nechama $#Tec, Nechama Bawnik $#Ṭeq, Neḥamā $#Bawnik Tec, Nechama $#Bawnik-Tec, Nechama $#Bloch, Krysia $7118642685 $8Tec, Nechama$Z1931-2023 [Tp1] $908698361X
033A $pOxford {[u.a.] $nOxford Univ. Press
034D $a245 S.
037A $aIncludes bibliographical references and index.
041A $RKongresspolen $RWestgalizien $#Generalgouvernement Polen $#Polska $#Rzeczpospolita Polska $#Polska Rzeczpospolita Ludowa $#Poland $#Pologne $#République Polonaise $#Generalne Gubernatorstwo w Polsce $#Polish People's Republic $#Polska Rzeczpospolita Polen $#PRL $#RP $#Polen Generalgouvernement $#Polska Generalgouvernement $#Besetzte Polnische Gebiete $#Besetztes Gebiet in Polen $#Okupowane Polskie Obszary $#Obszary Okupowane w Polsce $#Volksrepublik Polen $#Polska Rosyjska $#Republic Polen $#Respublika Pol'ša $#Pol'skaja Narodnaja Respublika $#République de Pologne $#Polen Links der Weichsel $#Polska po Lewej Stronie Wisły $#Lenkija $#Polija $#Gubernija Carstva Pol'skago $#Republik Polen $74046496-9 $8Polen [Tg1] $9085129801
041A/01 $RJudenverfolgung $RNationalsozialistisches Verbrechen $RVernichtungslager $#Holocaust, Jewish (1939-1945) $#Shoah $#Holocausto judío (1939-1945) $#Endlösung $#Holocaust $#Holokaust $#Judenfrage Endlösung $#Schoah $#Shoah $#Shoʾah $#Shoa $#Drittes Reich Judenvernichtung $#Šô'ā $#Juden Vernichtung $74073091-8 $8Judenvernichtung [Ts1] $9085205818
041A/02 $RKombattant $ROpposition $RWiderstandskämpfer $RProtest $#Government, Resistance to $#Underground movements, War $#Résistance politique $#Mouvements de résistance $#Politischer Widerstand $#Widerstand $#Widerstandsbewegung $#Politischer Widerstand $#Widerstandsbewegung $74079262-6 $8Widerstand [Ts1] $9085225177
041K $aWorld War, 1939-1945--Jewish resistance--Poland
041K/01 $aWorld War, 1939-1945--Underground movements--Poland
041K/02 $aHolocaust, Jewish (1939-1945)--Poland
041K/03 $aPoland--History--Occupation, 1939-1945
041K/04 $aPoland
044K $#Nationalsozialistische Straftat $#Nationalsozialismus Straftat $#Nationalsozialismus Verbrechen $#NS-Verbrechen $#Nazi-Verbrechen $#Drittes Reich Nationalsozialistisches Verbrechen $74075228-8 $8Nationalsozialistisches Verbrechen [Ts1] $9085212288
044K $RRassenverfolgung $RAntisemitismus $#Jews Persecutions $#Juifs Persécutions $#Judíos Persecuciones $#Judenverfolgung $#Juden Verfolgung $74028814-6 $8Judenverfolgung [Ts1] $9085075965
044K $RJudentum $RIsraeliten $RStämme Israels $#Jude $74028808-0 $8Juden [Ts1] $9085075922
044K $RChristin $RChristentum $#Christians $#Chrétiens $#Cristiani $#Cristianos $#Christen $#Christ $#Christliche Persönlichkeit $#Christen $74010071-6 $8Christ [Ts1] $9085019607
044K $RPolitische Bewegung $RSoziale Bewegung $#Underground movements, War $#Mouvements de résistance $74186983-7 $8Untergrundbewegung [Ts1] $9085915351
045B $a940.53438 $eDDC23eng
045E $c940
045F $a940.531809438 $eDDC22ger
045G $a909.0492409438 $eDDC23BSB
045G/01 $a940.5318
045G/01 $a909.04924
045G/03 $g438
045G/03 $g438
045H $a900.943809043 $eDDC23BSB
045H/01 $a900
045H/03 $f09043
045H/03 $f09044
045H/03 $f0904
045H/03 $g438
045I $a909 $eDDC23BSB
045I/01 $a909
045I/03 $f0904
045I/03 $g438
045R $aGeschichte
045Z $8NY 4770 [Tkv] $9410953466
045Z $8NQ 2360 [Tkv] $9410912263
045Z $8NQ 4700 [Tkv] $9410914851
046M $aLiteraturverz. S. [215] - 230
lok: 32726785 3
101B $019-12-13 $t07:08:34.000
101C $013-11-13
101U $0utf8
144Z/20 $aj13dez
145S/01 $a770
145Z/01 $a900 T 246 Da 0059 NS-Zeit
exp: 32726785 3 1 #EPN
201B/01 $013-11-13 $t10:06:54.000
201C/01 $015-10-13
201U/01 $0utf8
203@/01 $0721890563
208@/01 $a13-11-13 $bzAa
209A/01 $a90.141.37 $du $f000 $h90 141 37 $x00
209G/01 $a90141376 $x00
247C/01 $8601000-3 <30>Frankfurt, Universitätsbibliothek J. C. Senckenberg, Zentralbibliothek (ZB) $9102598258
lok: 32726785 24
101B $015-03-16 $t08:07:53.000
101C $015-03-16
101U $0utf8
145Z/01 $a32 3 F
145Z/02 $a32 7 N
145Z/03 $a26 7 Od
145Z/04 $a32 7 Od
145Z/05 $a32 7 Nk
exp: 32726785 24 1 #EPN
201B/01 $015-03-16 $t08:07:53.000
201C/01 $026-11-15
201U/01 $0utf8
203@/01 $0763922218
208@/01 $a15-03-16 $bz
209A/01 $a16.00942 $du $f050 $h16 00942 $x00
209C/01 $a16.00942 K $h16 00942 K
209G/01 $a73890004 $x00
220C/01 $aeng/hae
244Z/01 $#Kozielewski, Jan $#Kozielewski-Karski, Jan $#Witold $#Kozielwski, Jan $7119295849 $8--Tp1--Karski, Jan$Z1914-2000 $x01 $9087635690
247C/01 $8358050-7 Marburg, Bibliothek des Herder-Instituts Marburg $9102600961
lok: 32726785 78
exp: 32726785 78 1 #EPN
201B/01 $030-07-19 $t09:28:23.000
201C/01 $030-07-19
201U/01 $0utf8
203@/01 $01056376201
208@/01 $a30-07-19 $be
209A/01 $a/ $f000 $x00
209A/01 $ab*p $x01
220C/01 $aeja
244Z/01 $#Generalgouvernement Polen $#Polska $#Rzeczpospolita Polska $#Polska Rzeczpospolita Ludowa $#Poland $#Pologne $#République Polonaise $#Generalne Gubernatorstwo w Polsce $#Polish People's Republic $#Polska Rzeczpospolita Polen $#PRL $#RP $#Polen Generalgouvernement $#Polska Generalgouvernement $#Besetzte Polnische Gebiete $#Besetztes Gebiet in Polen $#Okupowane Polskie Obszary $#Obszary Okupowane w Polsce $#Volksrepublik Polen $#Polska Rosyjska $#Republic Polen $#Respublika Pol'ša $#Pol'skaja Narodnaja Respublika $#République de Pologne $#Polen Links der Weichsel $#Polska po Lewej Stronie Wisły $#Lenkija $#Polija $#Gubernija Carstva Pol'skago $#Republik Polen $74046496-9 $8--Tg1--Polen $x01 $9085129801
247C/01 $82080>Marburg/Lahn, Herder-Institut, Forschungsbibliothek, Bibliographieportal $9336309341
| LEADER | 00000cam a2200000 c 4500 | ||
|---|---|---|---|
| 001 | 327267852 | ||
| 003 | DE-603 | ||
| 005 | 20230609205655.0 | ||
| 007 | tu | ||
| 008 | 130811s2013 xx |||| | u00||u|eng | ||
| 015 | |a 15,A20 |2 dnb | ||
| 016 | 7 | |2 DE-101 |a 1050702948 | |
| 020 | |a 9780199735419 |c £16.99 | ||
| 035 | |a (DE-599)HEB327267852 | ||
| 035 | |a (OCoLC)841671996 | ||
| 040 | |a DE-603 |b ger |c DE-603 |d DE-603 | ||
| 041 | |a eng | ||
| 082 | 0 | 4 | |8 1\u |a 940.531809438 |q DE-101 |2 22/ger |
| 083 | 0 | |8 2\u |a 909.0492409438 |q DE-101 |2 23/BSB | |
| 083 | 0 | |8 3\u |a 900.943809043 |q DE-101 |2 23/BSB | |
| 083 | 0 | |8 4\u |a 909 |q DE-101 |2 23/BSB | |
| 083 | 7 | |a 940.53438 |2 23/eng | |
| 084 | |a 940 |q DE-101 |2 sdnb | ||
| 084 | |a NY 4770 |0 (DE-625)132359: |0 (DE-603)410953466 |2 rvk | ||
| 084 | |a NQ 2360 |0 (DE-625)128255: |0 (DE-603)410912263 |2 rvk | ||
| 084 | |a NQ 4700 |0 (DE-625)128514: |0 (DE-603)410914851 |2 rvk | ||
| 085 | |8 2\u |b 940.5318 | ||
| 085 | |8 2\u |b 909.04924 | ||
| 085 | |8 2\u |z 2 |s 438 | ||
| 085 | |8 2\u |z 2 |s 438 | ||
| 085 | |8 3\u |b 900 | ||
| 085 | |8 3\u |z 1 |s 09043 | ||
| 085 | |8 3\u |z 1 |s 09044 | ||
| 085 | |8 3\u |z 1 |s 0904 | ||
| 085 | |8 3\u |z 2 |s 438 | ||
| 085 | |8 4\u |b 909 | ||
| 085 | |8 4\u |z 1 |s 0904 | ||
| 085 | |8 4\u |z 2 |s 438 | ||
| 100 | 1 | |a Tec, Nechama |d 1931-2023 |0 (DE-603)08698361X |0 (DE-588)118642685 |2 gnd | |
| 245 | 0 | 0 | |a Resistance |b Jews and Christians who defied the Nazi terror |c Tec Nechama |
| 264 | 1 | |a Oxford [u.a.] |b Oxford Univ. Press |c 2013 | |
| 300 | |a 245 S. | ||
| 500 | |a Includes bibliographical references and index. | ||
| 504 | |a Literaturverz. S. [215] - 230 | ||
| 648 | 7 | |a Geschichte |2 gnd | |
| 650 | 7 | |a Judenvernichtung |0 (DE-588)4073091-8 |0 (DE-603)085205818 |2 gnd | |
| 650 | 7 | |a Widerstand |0 (DE-588)4079262-6 |0 (DE-603)085225177 |2 gnd | |
| 650 | 7 | |a Nationalsozialistisches Verbrechen |0 (DE-588)4075228-8 |0 (DE-603)085212288 |2 gnd | |
| 650 | 7 | |a Judenverfolgung |0 (DE-588)4028814-6 |0 (DE-603)085075965 |2 gnd | |
| 650 | 7 | |a Juden |0 (DE-588)4028808-0 |0 (DE-603)085075922 |2 gnd | |
| 650 | 7 | |a Christ |0 (DE-588)4010071-6 |0 (DE-603)085019607 |2 gnd | |
| 650 | 7 | |a Untergrundbewegung |0 (DE-588)4186983-7 |0 (DE-603)085915351 |2 gnd | |
| 651 | 7 | |a Polen |0 (DE-588)4046496-9 |0 (DE-603)085129801 |2 gnd | |
| 856 | 4 | 2 | |m V:DE-603;B:DE-30 |q application/pdf |u http://scans.hebis.de/HEBCGI/show.pl?32726785_toc.pdf |3 Inhaltsverzeichnis |
| 856 | 4 | 2 | |m V:DE-604 |q application/pdf |u http://scans.hebis.de/HEBCGI/show.pl?32726785_kla.pdf |3 Klappentext |
| 924 | 0 | |9 30 |a (DE-603)721890563 |b DE-30 |c HES |d c |g 90.141.37 | |
| 924 | 0 | |9 Mb 50 |a (DE-603)763922218 |b DE-Mb50 |c HES |d c |g 16.00942 | |
| 924 | 0 | |9 2080 |a (DE-603)1056376201 |b DE-2080 |c HES |d d |g / | |


